Aktivációs analízis az élelmiszer-analitikában VIII. részecske (proton) indukált röntgenemisszios analízis (PIXE) /

A szerzők a cikksorozat VIII. részében a PIXE (particle induced X-ray emission) módszer élelmiszervizsgálatokra történő alkalmazhatóságát ismertetik. Tárgyalják a módszer elvi alapjait, majd több példán - pl. tejpor és fűszerpaprika elemi összetételének analízise - bemutatják a nukleáris méréstechni...

Teljes leírás

Elmentve itt :
Bibliográfiai részletek
Szerzők: Szabó S. András
Borbély-Kiss Ildikó
Kispéter József
Koltay Ede
Dokumentumtípus: Cikk
Megjelent: 1990
Sorozat:Élelmiszervizsgálati közlemények 36 No. 1
Kulcsszavak:Élelmiszervizsgálat - módszer
Tárgyszavak:
Online Access:http://acta.bibl.u-szeged.hu/80346
LEADER 02200nab a2200301 i 4500
001 acta80346
005 20230826103954.0
008 230802s1990 hu o 0|| hun d
022 |a 0422-9576 
040 |a SZTE Egyetemi Kiadványok Repozitórium  |b hun 
041 |a hun 
041 |a eng 
041 |a ger 
041 |a rus 
100 1 |a Szabó S. András 
245 1 0 |a Aktivációs analízis az élelmiszer-analitikában VIII.   |h [elektronikus dokumentum] :  |b részecske (proton) indukált röntgenemisszios analízis (PIXE) /  |c  Szabó S. András 
260 |c 1990 
300 |a 39-50 
490 0 |a Élelmiszervizsgálati közlemények  |v 36 No. 1 
520 3 |a A szerzők a cikksorozat VIII. részében a PIXE (particle induced X-ray emission) módszer élelmiszervizsgálatokra történő alkalmazhatóságát ismertetik. Tárgyalják a módszer elvi alapjait, majd több példán - pl. tejpor és fűszerpaprika elemi összetételének analízise - bemutatják a nukleáris méréstechnika élelmiszeranalitikai felhasználhatóságát. The applicability of PIXE (particle induced X-ray emission) method in food examinations is discussed in the 8 th part of the series. The fundamental principals of the method me dealt with and then the usability of the nuclear technique is presented in several examples, e. g.: elementary composition of milk powder and paprika. Im VIII. Teil der Artikelserie wird die Anwendbarkeit der PIXE-Methode (particle induced X-ray emission) für Zwecke der Lebensmitteluntersuchung dargelegt. Die prinzipielle Grundlagen der Methode werden erläutert. Außerdem wird die lebensmittelanalytische Anwendung dieser nuklearen Meßtechnik anhand der Analyse der elementaren Zusammensetzung von Milchpulver und Gewürzpaprika aufgezeigt. 
650 4 |a Műszaki és technológiai tudományok 
650 4 |a Egyéb műszaki tudományok és technológiák 
650 4 |a Élelmiszer és italfélék 
695 |a Élelmiszervizsgálat - módszer 
700 0 2 |a Borbély-Kiss Ildikó  |e aut 
700 0 2 |a Kispéter József  |e aut 
700 0 2 |a Koltay Ede  |e aut 
856 4 0 |u http://acta.bibl.u-szeged.hu/80346/1/elelmiszervizsgalati_kozlemenyek_1990_01_039-050.pdf  |z Dokumentum-elérés